| 000 | 00733cam a2200145 4500500 | ||
|---|---|---|---|
| 005 | 20251012020629.0 | ||
| 041 | _afre | ||
| 042 | _adc | ||
| 100 | 1 | 0 |
_ad'Arienzo, María _eauthor |
| 245 | 0 | 0 | _aSymbolon/Diabolon. Simboli, religioni, diritti nell'Europa multiculturale, Edoardo Dieni, Alessandro Ferrari et Vincenzo Pacillo (éds), Il Mulino, Bologne, 2005, 326 p. I simboli religiosi tra diritto e culture, Edoardo Dieni, Alessandro Ferrari et Vincenzo Pacillo (éds), Giuffrè, Milan, 2006, 402 p. |
| 260 | _c2006. | ||
| 500 | _a62 | ||
| 786 | 0 | _nL'Année canonique | XLVIII | 1 | 2006-02-11 | p. 380-381 | 0570-1953 | |
| 856 | 4 | 1 | _uhttps://shs.cairn.info/revue-l-annee-canonique-2006-1-page-380?lang=fr&redirect-ssocas=7080 |
| 999 |
_c1536249 _d1536249 |
||